| 000 | 00716nam a22002417a 4500 | ||
|---|---|---|---|
| 003 | PE SENCICO BE | ||
| 005 | 20251020182623.0 | ||
| 008 | 230103b |||||||| |||| 00| 0 eng d | ||
| 020 | _a978-84-9801-871-4 | ||
| 040 |
_aPE SENCICO BE _cPE SENCICO BE |
||
| 041 | _aspa | ||
| 082 |
_a720 _bW28 |
||
| 100 | 1 |
_9367 _aWarn, Rasmus |
|
| 245 | 1 |
_a¿Que es la arquitectura? y 100 preguntas más / _cRasmus Warn, Gert Wingardh |
|
| 250 | _a1a ed. | ||
| 260 |
_aBarcelona: _bBlume, _c2016 |
||
| 300 |
_a[218] p. _bil., _c17 cm. |
||
| 650 | 1 | 4 |
_949 _aArquitectura |
| 650 | 2 | 4 |
_949 _aArquitectura _xHistoria |
| 700 | 1 |
_9368 _aWingardh, Gert |
|
| 910 |
_bhfp _chfp |
||
| 942 |
_2ddc _cLIB _h720 _iW28 |
||
| 999 |
_c3731 _d3731 |
||